000 00375 a2200157 4500
001 157566
020 _a978-85-60276-60-8
040 _cEscola São Tomás de Aquino
100 _aSéllos, Mauricio
240 1 0 _aO irmão do papai noel
_lpor
245 1 0 _aO irmão do papai noel
300 _a24
362 0 _a2015
697 _a*LITERATURA INFANTO JUVENIL
942 _cBK
999 _c157566
_d157566